ბათუმის შოთა რუსთაველის სახელმწიფო უნივერსიტეტის ბიბლიოთეკა

ლექსები და ბალადები / (ბიბ.ჩანაწერი № 56065)

000 -ლიდერი
ფიქსირებული სიგრძის საკონტროლო ველი 01084nam a2200241Ia 4500
001 - საკონტროლო ნომერი
საკონტროლო ველი 23165
003 - საკონტროლო ნომრის იდენტიფიკატორი
საკონტროლო ველი GE_BSU
005 - ბოლო ოპერაციის თარიღი და დრო
საკონტროლო ველი 20230718124144.0
008 - ფიქსირებული სიგრძის მონაცემთა ელემენტები - ზოგადი ინფორმაცია
ფიქსირებული სიგრძის საკონტროლო ველი 181216s1967||||ge |||||||||||||| ||geo||
040 ## - კატალოგიზაციის წყარო
Transcribing agency GE_BSU
041 ## - ენის კოდი
Language code of text/sound track or separate title geo
080 ## - უნივერსალური ათობითი კლასიფიკაციის ინდექსი
Universal Decimal Classification number 821.111-1 + 821.111-144 კ-53
100 ## - მთავარი ჩანაწერი - პიროვნების სახელი
Personal name კიპლინგი, რედიარდ
9 (RLIN) 19408
245 ## - ცნობა სათაურის შესახებ
Title ლექსები და ბალადები /
Statement of responsibility, etc რედიარდ კიპლინგი ; თარგმნა ინგლ. მ. ლებანიძემ ; ილ. გ. ალექსი-მესხიშვილი ; რედ. კ. ლორთქიფანიძე.
264 ## - წარმოების, გამოცემის, დისტრიბუციის და სხვა ცნობები
გამოცემის, წარმოების, დისტრიბუციის... ადგილი თბილისი :
გამოცემის, წარმოების, დისტრიბუციის... სახელწოდება ნაკადული,
გამოცემის, წარმოების, დისტრიბუციის... თარიღი 1967.
300 ## - ფიზიკური აღწერა
Extent 62 გვ. :
Other physical details ილ. ;
Dimensions 21 სმ
653 ## - INDEX TERM--UNCONTROLLED
Uncontrolled term ლექსები
653 ## - INDEX TERM--UNCONTROLLED
Uncontrolled term ბალადები
700 ## - ADDED ENTRY--PERSONAL NAME
Personal name ლებანიძე, მ.
Relator term მთარგმნელი
9 (RLIN) 16253
700 ## - ADDED ENTRY--PERSONAL NAME
Personal name ლორთქიფანიძე, კ.
Relator term რედაქტორი
9 (RLIN) 3817
942 ## - ADDED ENTRY ELEMENTS (KOHA)
Koha item type წიგნი
Source of classification or shelving scheme
ეგზემპლარები
ჩამოწერის სტატუსი დაკარგული ეგზემპლარის სტატუსი კლასიფიკაციის წყარო ან თაროზე გაწყობის სქემა დაზიანების სტატუსი არ გაიცემა მუდმივი მდებარეობა (დაცვის ადგილი) ამჟამინდელი ადგილსამყოფელი თაროზე განთავსების ადგილი შეძენის თარიღი ღირებულება, შესყიდვის ნორმალური ფასი სრული შენახვის შიფრი შტრიხკოდი ბოლო ოპერაციის თარიღი ეგზემპლარის მიმდევრობითი ნომერი (კეტერი?) ფასის ძალაში შესვლის თარიღი ეგზემპლარის სახეობა საჯარო შენიშვნა
          ბათუმის შოთა რუსთაველის სახელმწიფო უნივერსიტეტის მთავარი ბიბლიოთეკა ბათუმის შოთა რუსთაველის სახელმწიფო უნივერსიტეტის მთავარი ბიბლიოთეკა წიგნსაცავი 2018-12-17 0.70 821.111-1 + 821.111-144 კ-53 58594 2018-12-17 58594 2018-12-17 წიგნი 0.70 ₾.